000
00265nam a22001217a 4500
008
210309b ||||| |||| 00| 0 eng d
041
_a
eng
080
_a
32
100
_a
21
101
_a
SHP
245
_a
French Politics and Society
_c
Hoffman,S
942
_2
udc
_c
BK
999
_c
56044
_d
56044